000 00718nam a2200229 4500
003 OSt
005 20240605014421.0
006 a
008 240605b |||||||| |||| 00| 0 eng d
020 _a9789718171363
040 _aDWCL-Main lib.
_cOC
082 _aFil. 155 E92d 2007
100 _aEvangelista, Lourdes Landicho
245 _aDevelopmental psychology (growth and development with parenting by Filipino values) /
260 _aManila, Phils. :
_bBookoore Publishing,
_cc2007.
300 _aiii,
_b94 pages ;
_c25 cm.
504 _aIncludes bibliography
650 _a1. Developmental psychology
650 _a2. Parenting.
700 _a Lourdes Landicho Evangelista
942 _2ddc
_n0
_cBK - FIL
_kFil.
999 _c161
_d161